书目信息 |
| 题名: |
木工基本技术
|
|
| 作者: | 吴亚芳 , 赵荣铨 编 | |
| 分册: | ||
| 出版信息: | 合肥 安徽科学技术出版社 1983 |
|
| 页数: | 178页 | |
| 开本: | 19cm | |
| 丛书名: | ||
| 单 册: | ||
| 中图分类: | TS65 | |
| 科图分类: | ||
| 主题词: | 木工--基本知识 | |
| 电子资源: | ||
| ISBN: | ||
| 000 | 00641nam0 2200241 45 | |
| 001 | 0183005424 | |
| 005 | 20060815154537.49 | |
| 010 | @dCNY0.63 | |
| 091 | @a15200.31 | |
| 100 | @a19950605d1983 emky0chiy0121 ea | |
| 101 | 0 | @achi |
| 102 | @aCN@b340000 | |
| 105 | @ay z 000yy | |
| 200 | 10 | @a木工基本技术@Amu gong ji ben ji shu@f吴亚芳,赵荣铨编 |
| 210 | @a合肥@c安徽科学技术出版社@d1983 | |
| 215 | @a178页@d19cm | |
| 606 | @a木工@x基本知识 | |
| 690 | @aTS65@v3 | |
| 701 | 0 | @a吴亚芳@Awu ya fang@4编 |
| 701 | 0 | @a赵荣铨@Azhao rong quan@4编3 |
| 801 | 0 | @aCN@bTSSF@c20060815 |
| 801 | 2 | @aCN@bNLC@c20060727 |
| 905 | @a10447@dTS65@e40 | |
| 木工基本技术/吴亚芳,赵荣铨编.-合肥:安徽科学技术出版社,1983 |
| 178页;19cm |
| ISBN :CNY0.63 |
| ● |
| 相关链接 |
|
|
|
|
正题名:木工基本技术
索取号:TS65/40
 
预约/预借
| 序号 | 登录号 | 条形码 | 馆藏地/架位号 | 状态 | 备注 |
| 1 | 0438691 | 204386912 | 密集书库/ [索取号:TS65/40] | 在馆 | |
| 2 | 0438692 | 204386921 | 密集书库/ [索取号:TS65/40] | 在馆 | |
| 3 | 0438693 | 204386930 | 密集书库/ [索取号:TS65/40] | 在馆 | |
| 4 | 0438694 | 204386949 | 密集书库/ [索取号:TS65/40] | 在馆 | |
| 5 | 0458576 | 204585760 | 密集书库/ [索取号:TS65/40] | 在馆 |